LEADER 01019nam0 22002771i 450 001 UON00399596 005 20231205104650.207 010 $a978-88-07-49094-1 100 $a20111107d2010 |0itac50 ba 101 $aita 102 $aIT 105 $a|||| ||||| 200 1 $aˆL'‰arte di non dire la verità$fAdam Soboczynski$gtraduzione di Stefano Zangrando 210 $aMilano$cFeltrinelli$d2010 215 $a204 p.$d23 cm. 410 1$1001UON00175282$12001 $aVaria 606 $aMENZOGNA$3UONC044580$2FI 620 $aIT$dMilano$3UONL000005 700 1$aSOBOCZYNSKI$bAdam$3UONV206112$0608318 712 $aFeltrinelli$3UONV246160$4650 801 $aIT$bSOL$c20240220$gRICA 899 $aSIBA - SISTEMA BIBLIOTECARIO DI ATENEO$2UONSI 912 $aUON00399596 950 $aSIBA - SISTEMA BIBLIOTECARIO DI ATENEO$dSI Ling 38 0031 $eSI DA 4092 7 0031 $sBuono 996 $aArte di non dire la verità$91109652 997 $aUNIOR